| 000 | 00000nam 2200000za 4500 |
| 001 | 9.846653 |
| 003 | CaOODSP |
| 005 | 20221107153245 |
| 007 | cr ||||||||||| |
| 008 | 171106s1950 onc os f000 0 eng d |
| 040 | |aCaOODSP|beng |
| 043 | |an-cn--- |
| 086 | 1 |aCS62-D/97-1950E-PDF |
| 245 | 00|aSurvey of family expenditure, 1947-1948 |h[electronic resource] : |bexpenditure by income level. |
| 260 | |aOttawa : |bDominion Bureau of Statistics, |c1950. |
| 300 | |a9 p. |
| 490 | 1 |aD.B.S. reference papers, 1950 ; |vno. 12 |
| 500 | |aCover title. |
| 500 | |aChiefly tables. |
| 500 | |aDigitized edition from print [produced by Statistics Canada]. |
| 520 | |a“This reference paper shows expenditure patterns by income level for nine income groups: under $1,051, from $1,051 to $4,050 by $500 intervals, $4,051 to $5,050 and $5,051 and over. The material presented here is from the Survey of Family Expenditures in Canada which was carried out by the Bureau in September, 1948”--p. 1. |
| 530 | |aIssued also in print format. |
| 692 | 07|2gccst|aFamily |
| 692 | 07|2gccst|aEconomic conditions |
| 692 | 07|2gccst|aStandard of living |
| 692 | 07|2gccst|aStatistics |
| 710 | 1 |aCanada. |bDominion Bureau of Statistics. |
| 830 | #0|aD.B.S. reference papers ;|vno. 12|w(CaOODSP)9.812168 |
| 856 | 40|qPDF|s3.27 MB|uhttps://publications.gc.ca/collections/collection_2017/statcan/CS62-D-97-1950-eng.pdf |
| 986 | |a62-D-97 |